|
|
|
|
| LEADER |
00000naa2a2200000 4500 |
| 001 |
388048 |
| 005 |
20231101063704.0 |
| 035 |
|
|
|a (RuTPU)RU\TPU\prd\18669
|
| 090 |
|
|
|a 388048
|
| 100 |
|
|
|a 20031020a2003 k y0rusy50 ca
|
| 101 |
0 |
|
|a rus
|
| 102 |
|
|
|a RU
|
| 200 |
1 |
|
|a Интеллектуально-информационному обществу XXI века - нетрадиционные, авангардные технологии создания средств информатики
|f Б. Д. Залещанский, Р. О. Исаенко
|
| 225 |
1 |
|
|a бОЛЬШИЕ СИСТЕМЫ
|
| 320 |
|
|
|a Библиогр.: 19 назв.
|
| 461 |
|
1 |
|0 (RuTPU)RU\TPU\prd\1520
|t Информационные технологии
|o теоретический и прикладной научно-технический журнал
|d 2000-
|
| 463 |
|
1 |
|0 (RuTPU)RU\TPU\prd\18198
|t № 8
|v с. 2-12
|d 2003
|
| 610 |
1 |
|
|a средства информатики
|
| 610 |
1 |
|
|a интеллектуально-информационное общество
|
| 610 |
1 |
|
|a нетрадиционные технологии
|
| 675 |
|
|
|a 004.3
|v 3
|
| 700 |
|
1 |
|a Залещанский
|b Б. Д.
|
| 701 |
|
1 |
|a Исаенко
|b Р. О.
|
| 801 |
|
1 |
|a RU
|b 63413507
|c 20031020
|g PSBO
|
| 801 |
|
2 |
|a RU
|b 63413507
|c 20130507
|g RCR
|
| 942 |
|
|
|c BK
|